1454 1355 1402 1794 1431 1276 1647 1410 1527 1397 1241 1034 1347 1786 1583 1641 1764 1166 1192 1652 1906 1390 1509 1913 1271 1958 1569 1244 1013 1485 1295 1634 1122 1224 1760 1939 1803 1218 1129 1348 1442 1913 1298 1927 1187 1909 1538 1541 1341 1976 1641 1766 1242 1756 1115 1772 1410 1568 1841 1020 1907 1510 1470 1104 1816 1913 1994 1900 1663 1608 1760 1336 1062 1878 1399 1931 1827 1750 1490 1108 1934 1762 1700 1163 1317 1141 1149 1246 1382 1115 1021 1086 1486 1145 1690 1282 1275 1551 1705 BCNSPRNW ULIB Ver.6.0+V

เปลี่ยนเป็นภาษาไทย

Change to English
 แสดงรายละเอียดบรรณานุกรม
  กลับหน้าหลัก

Brief Record : Get Marc (ISO 2709) : E-mail record : QR code < ปิดหน้าต่าง
LEADER : 00000nam 2200000uu 4500
001    13399115029
003     ULIB
008    020711s2552 th a 000 0 tha d
020    ^a9786160800858
082 04 ^aรส.^bฮ359C
090    ^aรส.^bฮ359C
245    ^aซินเดอเรลลา /^c
260    ^aกรุงเทพฯ :^bซีเอ็ด,^c2552
300    104 หน้า
500    ชุดอ่านอังกฤษ เก่งอังกฤษ
501    Stage 1
945    ^p125^l0^i028956
999 ^a ทศพร
รายการนี้ยังไม่มีแท็ก
คุณยังไม่ได้ล็อกอิน คุณสามารถมีกิจกรรมร่วมกับเว็บไซต์ได้ แต่ต้องล็อกอินก่อน ::
  ล็อกอิน

รายการสื่อสารสนเทศ

ลำดับที่ ประเภท เลขเรียก/บาร์โค้ด สถานที่ สถานะ
1. นวนิยาย
นวนิยาย
รส. ฮ359C รส. ฮ359C ฉ.1 
  Barcode: 028956
ห้องสมุดวิทยาเขตสวรรค์ประชารักษ์
►นวนิยาย
บนชั้น
  ขอยืม

รายการใกล้เคียง
    ผู้แต่ง []

BibComment


ยังไม่เคยถูกคอมเมนท์

คอมเมนท์ทรัพยากรรายการนี้
  คอมเมนท์: ซินเดอเรลลา


 Copyright 2026. Bcnsprnw @Library